[Event "Barbera op"]
[Site "Barbera del Valles"]
[Date "2013.07.07"]
[Round "4"]
[White "Narayanan, S."]
[Black "Abhishek, K."]
[Result "1-0"]
[WhiteElo "2475"]
[BlackElo "2274"]
[PlyCount "45"]
[EventDate "2013.??.??"]
[EventType "swiss"]
[EventRounds "9"]

1. e4 Nc6 2. Nf3 Nf6 3. Nc3 d5 4. e5 d4 5. exf6 dxc3 6. bxc3 exf6 7. d4 Bd6 8.
Bd3 Qe7+ 9. Be3 Bg4 10. O-O Qd7 11. Rb1 Nd8 12. h3 Bh5 13. Re1 O-O 14. Ne5 fxe5
15. Qxh5 g6 16. Qf3 Re8 17. Bh6 f5 18. Bc4+ Kh8 19. dxe5 Rxe5 20. Be3 c5 21.
Bg5 Rxe1+ 22. Rxe1 Kg7 23. Qd5 1-0

[Event "Barbera op"]
[Site "Barbera del Valles"]
[Date "2013.07.07"]
[Round "4"]
[White "Perez Mitjans, O."]
[Black "Sanchez Guirado, F."]
[Result "0-1"]
[WhiteElo "2495"]
[BlackElo "2339"]
[PlyCount "72"]
[EventDate "2013.??.??"]
[EventType "swiss"]
[EventRounds "9"]

1. e4 c6 2. c4 d5 3. exd5 cxd5 4. cxd5 Nf6 5. Qa4+ Nbd7 6. Nc3 g6 7. Nf3 Bg7 8.
Bc4 a6 9. d3 O-O 10. Qa3 b6 11. O-O Bb7 12. Re1 Re8 13. Ng5 Rc8 14. d6 e6 15.
Nge4 Nxe4 16. Nxe4 Bxe4 17. Rxe4 Nc5 18. Re3 b5 19. d4 Bxd4 20. Bf1 Qxd6 21.
Rf3 Qb6 22. b4 Bxa1 23. Be3 Qc6 24. bxc5 Red8 25. Be2 Bd4 26. h4 Rd5 27. h5
Bxc5 28. Bxc5 Rxc5 29. h6 Rf5 30. Bf1 Rxf3 31. gxf3 Qc5 32. Qxa6 Qg5+ 33. Kh2
Qxh6+ 34. Bh3 Qf4+ 35. Kg2 Qg5+ 36. Kh2 Rc1 0-1

[Event "Barbera op"]
[Site "Barbera del Valles"]
[Date "2013.07.07"]
[Round "4"]
[White "Pulvett, D."]
[Black "Garriga Cazorla, P."]
[Result "1-0"]
[WhiteElo "2405"]
[BlackElo "2071"]
[PlyCount "77"]
[EventDate "2013.??.??"]
[EventType "swiss"]
[EventRounds "9"]

1. d4 Nf6 2. c4 e6 3. Nf3 c5 4. d5 d6 5. Nc3 exd5 6. cxd5 g6 7. Bf4 a6 8. a4
Qe7 9. e3 Bg7 10. h3 O-O 11. Nd2 Nbd7 12. Be2 Rb8 13. O-O Ne8 14. a5 Ne5 15.
Bg3 f5 16. f4 Nf7 17. Nc4 Nf6 18. Bh4 h6 19. Bd3 Bd7 20. Qc2 Rbe8 21. Rae1 Qd8
22. Nb6 Qc7 23. b3 Re7 24. e4 g5 25. fxg5 hxg5 26. exf5 Rxe1 27. Bxe1 Be8 28.
g4 Qe7 29. Kg2 Ne5 30. Bg3 Qd8 31. Bxe5 dxe5 32. Ne4 Bf7 33. Qxc5 Nd7 34. Nxd7
Qxd7 35. f6 Rc8 36. fxg7 Rxc5 37. Nf6+ Kxg7 38. Nxd7 Rxd5 39. Rxf7+ 1-0

[Event "Barbera op"]
[Site "Barbera del Valles"]
[Date "2013.07.07"]
[Round "4"]
[White "Rios, CC."]
[Black "Escobar Forero, A."]
[Result "1/2-1/2"]
[WhiteElo "2360"]
[BlackElo "2466"]
[PlyCount "50"]
[EventDate "2013.??.??"]
[EventType "swiss"]
[EventRounds "9"]

1. e4 c5 2. Nf3 Nc6 3. d4 cxd4 4. Nxd4 e5 5. Nb5 d6 6. g3 Be7 7. Bg2 Be6 8.
N1c3 a6 9. Na3 Nf6 10. Bg5 Nd7 11. Bxe7 Qxe7 12. O-O O-O 13. f4 exf4 14. gxf4
Nf6 15. f5 Bd7 16. Nc4 b5 17. Nb6 Rad8 18. Nbd5 Qe5 19. Nxf6+ Qxf6 20. Nd5 Qd4+
21. Qxd4 Nxd4 22. Rfd1 Nc6 23. f6 Kh8 24. fxg7+ Kxg7 25. Rd3 f5 1/2-1/2

[Event "Barbera op"]
[Site "Barbera del Valles"]
[Date "2013.07.07"]
[Round "4"]
[White "Saptarshi, R."]
[Black "Narciso Dublan, M."]
[Result "1/2-1/2"]
[WhiteElo "2447"]
[BlackElo "2536"]
[PlyCount "59"]
[EventDate "2013.??.??"]
[EventType "swiss"]
[EventRounds "9"]

1. e4 e6 2. d4 d5 3. Nc3 Nf6 4. Bg5 Be7 5. e5 Ng8 6. Be3 b6 7. h4 h5 8. g4 Ba6
9. Bxa6 Nxa6 10. Qe2 Nb4 11. a3 Nc6 12. gxh5 Nh6 13. Bxh6 gxh6 14. O-O-O Qd7
15. f4 O-O-O 16. Qa6+ Kb8 17. Nf3 Na5 18. f5 exf5 19. e6 fxe6 20. Ne5 Qe8 21.
Nb5 Nc6 22. Rh3 Bd6 23. Nxc6+ Qxc6 24. Qxa7+ Kc8 25. Qa4 Kb7 26. Qa7+ Kc8 27.
Qa4 Kb7 28. Qa7+ Kc8 29. Qa4 Kb7 30. Qa7+ 1/2-1/2

[Event "Barbera op"]
[Site "Barbera del Valles"]
[Date "2013.07.07"]
[Round "4"]
[White "Satyapragyan, S."]
[Black "Lopez Martinez, JM."]
[Result "0-1"]
[WhiteElo "2464"]
[BlackElo "2547"]
[PlyCount "108"]
[EventDate "2013.??.??"]
[EventType "swiss"]
[EventRounds "9"]

1. e4 c6 2. d4 d5 3. e5 Bf5 4. h4 h5 5. c4 e6 6. Nc3 Ne7 7. Nge2 dxc4 8. Ng3
Na6 9. Bxc4 Nb4 10. O-O Bc2 11. Qe2 Bg6 12. Bg5 Qd7 13. a3 Nbd5 14. Bd3 Bxd3
15. Qxd3 f6 16. Nce4 Ng8 17. Bd2 O-O-O 18. b4 Nc7 19. Qb3 Nb5 20. Be3 Qd5 21.
Qc2 f5 22. a4 Nc7 23. Ng5 Bxb4 24. Ne2 Ne7 25. a5 Qd7 26. a6 b6 27. Nf4 Ned5
28. Ng6 Rhe8 29. Rfc1 Kb8 30. Qa4 Bc3 31. Rab1 Nb5 32. Rb3 Rc8 33. Qc4 Ba5 34.
Nf3 Qf7 35. Nf4 Nxf4 36. Bxf4 Qd7 37. Be3 Qd5 38. Qa4 Red8 39. Rc4 Ka8 40. Kh2
Rf8 41. Ng5 f4 42. Bxf4 Rxf4 43. Rxb5 Qd7 44. Rxa5 bxa5 45. f3 Qd5 46. Kg3 Rff8
47. Ne4 Qb5 48. Nc5 Rfe8 49. Qa2 Rcd8 50. Nb7 Rxd4 51. Rc5 Qb4 52. Nd6 Rxd6 53.
Rc4 Qe1+ 54. Kh3 Qxe5 0-1

[Event "Barbera op"]
[Site "Barbera del Valles"]
[Date "2013.07.08"]
[Round "5"]
[White "Abhishek, K."]
[Black "Basencyan, M."]
[Result "1-0"]
[WhiteElo "2274"]
[BlackElo "2130"]
[PlyCount "119"]
[EventDate "2013.??.??"]
[EventType "swiss"]
[EventRounds "9"]

1. e4 e5 2. Nf3 Nf6 3. Nc3 Nc6 4. d4 exd4 5. Nxd4 Bb4 6. Nxc6 bxc6 7. Bd3 d5 8.
exd5 cxd5 9. O-O O-O 10. h3 c6 11. Qf3 Re8 12. Bg5 h6 13. Bf4 Bd6 14. Rad1 Bxf4
15. Qxf4 Be6 16. Na4 Qb8 17. Qd4 Nd7 18. f4 f6 19. Bg6 Bf7 20. Bf5 Be6 21. Bg6
Bf7 22. Bf5 Be6 23. Bxe6+ Rxe6 24. Rfe1 Qe8 25. Rxe6 Qxe6 26. c4 Nb6 27. Nxb6
axb6 28. cxd5 cxd5 29. Qxd5 Qxd5 30. Rxd5 Rxa2 31. Rb5 Ra6 32. Kf2 Kf7 33. Kf3
g6 34. h4 Ke6 35. h5 gxh5 36. Kg3 Kf7 37. Kh4 Kg6 38. f5+ Kg7 39. Kxh5 Ra5 40.
Rxa5 bxa5 41. b3 Kh7 42. Kg4 Kg7 43. Kf4 h5 44. Kg3 Kh7 45. Kh4 Kh6 46. g3 Kh7
47. Kxh5 Kg7 48. g4 Kh7 49. g5 fxg5 50. Kxg5 Kg7 51. Kf4 Kf7 52. Ke5 Ke7 53.
Kd5 Kf6 54. Kc5 Kxf5 55. Kb5 Ke6 56. Kxa5 Kd7 57. Kb6 Kc8 58. b4 Kb8 59. b5 Ka8
60. Kc7 1-0

[Event "Barbera op"]
[Site "Barbera del Valles"]
[Date "2013.07.08"]
[Round "5"]
[White "Alonso Moyano, J."]
[Black "Bivol, A."]
[Result "0-1"]
[WhiteElo "2420"]
[BlackElo "2207"]
[PlyCount "58"]
[EventDate "2013.??.??"]
[EventType "swiss"]
[EventRounds "9"]

1. e4 e6 2. d4 d5 3. Nd2 Nf6 4. e5 Nfd7 5. c3 c5 6. f4 Nc6 7. Ndf3 Qb6 8. g3
cxd4 9. cxd4 Bb4+ 10. Kf2 g5 11. fxg5 Ndxe5 12. Nxe5 Nxe5 13. Kg2 Nc6 14. Nf3
Bd6 15. b3 Bd7 16. Bb2 O-O-O 17. Rc1 Kb8 18. Bd3 h6 19. Rf1 Be7 20. Qd2 hxg5
21. Nxg5 Bxg5 22. Qxg5 e5 23. Bf5 Bxf5 24. Rxf5 Qa6 25. dxe5 Qe2+ 26. Rf2 Rxh2+
27. Kxh2 Qxf2+ 28. Kh3 Rh8+ 29. Kg4 Qe2+ 0-1

[Event "Barbera op"]
[Site "Barbera del Valles"]
[Date "2013.07.08"]
[Round "5"]
[White "Anurag, M."]
[Black "Amores Gago, J."]
[Result "1-0"]
[WhiteElo "2418"]
[BlackElo "2167"]
[PlyCount "59"]
[EventDate "2013.??.??"]
[EventType "swiss"]
[EventRounds "9"]

1. d4 Nf6 2. Nc3 g6 3. e4 d6 4. Be3 Bg7 5. f3 O-O 6. Qd2 e5 7. d5 Nh5 8. g4 Nf4
9. Nge2 Nxe2 10. Bxe2 f5 11. gxf5 gxf5 12. Bg5 Qe8 13. exf5 Bxf5 14. O-O-O a6
15. Rhg1 Kh8 16. Rg3 Nd7 17. Rdg1 Qf7 18. Bd3 Nc5 19. Bxf5 Qxf5 20. Be3 Bf6 21.
Qg2 b6 22. b4 e4 23. fxe4 Qe5 24. Bh6 Nd3+ 25. Rxd3 Rg8 26. Qh1 Rxg1+ 27. Qxg1
Qh5 28. Be3 Rg8 29. Qh1 Bh4 30. Bd4+ 1-0

[Event "Barbera op"]
[Site "Barbera del Valles"]
[Date "2013.07.08"]
[Round "5"]
[White "Bergez, L."]
[Black "Jaramillo Ochoa, M."]
[Result "1-0"]
[WhiteElo "2395"]
[BlackElo "2074"]
[PlyCount "81"]
[EventDate "2013.??.??"]
[EventType "swiss"]
[EventRounds "9"]

1. e4 e5 2. Nf3 Nc6 3. Bc4 Bc5 4. c3 Nf6 5. d3 a6 6. O-O Ba7 7. Nbd2 O-O 8. Bb3
d5 9. h3 dxe4 10. dxe4 Qe7 11. Nh2 Be6 12. Bc2 Rad8 13. Qf3 b5 14. Re1 Kh8 15.
Ndf1 h6 16. Ng3 Bb6 17. Nf5 Bxf5 18. Qxf5 Rd6 19. Qf3 Nd8 20. Qe2 Ne6 21. a4 c6
22. Nf1 Kh7 23. g3 g6 24. Kh2 Nh5 25. Ne3 Qd7 26. Ng4 f6 27. Bxh6 Rh8 28. axb5
axb5 29. Red1 Rxd1 30. Rxd1 Qe7 31. Be3 Bc7 32. Ra1 Kg7 33. Ra7 Nhf4 34. Qf1
Nxh3 35. Bh6+ Rxh6 36. Nxh6 Nhg5 37. Ng4 Qd8 38. Kg2 Qc8 39. Qd1 Kf8 40. Bb3
Bb6 41. Qd6+ 1-0

[Event "Barbera op"]
[Site "Barbera del Valles"]
[Date "2013.07.08"]
[Round "5"]
[White "Capellades Subirana, M."]
[Black "Saez Coma, A."]
[Result "1/2-1/2"]
[WhiteElo "2260"]
[BlackElo "2025"]
[PlyCount "61"]
[EventDate "2013.??.??"]
[EventType "swiss"]
[EventRounds "9"]

1. e4 c5 2. Nf3 Nc6 3. d4 cxd4 4. Nxd4 g6 5. Nc3 Bg7 6. Be3 Nf6 7. Nxc6 bxc6 8.
e5 Ng8 9. f4 Nh6 10. Be2 O-O 11. O-O d6 12. exd6 exd6 13. Bf3 d5 14. Bd4 Bxd4+
15. Qxd4 Qb6 16. Qxb6 axb6 17. Ne2 Ba6 18. Rfe1 Bxe2 19. Rxe2 Nf5 20. Rd2 Nd6
21. b3 b5 22. Re2 b4 23. Re7 Nb5 24. Be2 Na3 25. Bd3 Rfe8 26. Rae1 Kf8 27.
Rxe8+ Rxe8 28. Rd1 Ke7 29. f5 Kd6 30. fxg6 fxg6 31. Rf1 1/2-1/2

[Event "Barbera op"]
[Site "Barbera del Valles"]
[Date "2013.07.08"]
[Round "5"]
[White "Garriga Cazorla, P."]
[Black "Plukkel, S."]
[Result "1/2-1/2"]
[WhiteElo "2071"]
[BlackElo "2314"]
[PlyCount "103"]
[EventDate "2013.??.??"]
[EventType "swiss"]
[EventRounds "9"]

1. d4 Nf6 2. c4 c5 3. Nf3 g6 4. g3 Bg7 5. Bg2 O-O 6. O-O cxd4 7. Nxd4 Nc6 8.
Nc3 Nxd4 9. Qxd4 d6 10. Qh4 h5 11. Bg5 Re8 12. Qf4 Be6 13. Rac1 Qa5 14. Qd2
Bxc4 15. Bxb7 Rab8 16. Bg2 Qb4 17. b3 Be6 18. Be3 a5 19. Rfd1 Rbc8 20. Bd4 Rc7
21. Nb1 Rec8 22. Rxc7 Rxc7 23. Bc3 Qb5 24. Bxa5 Ra7 25. b4 Nd7 26. Rc1 Ne5 27.
Nc3 Qa6 28. Nd5 Nc4 29. Qd3 Nxa5 30. Qxa6 Rxa6 31. Nc7 Nb3 32. axb3 Rb6 33. b5
Bxb3 34. Bc6 Bd4 35. e3 Bc5 36. Ra1 Bc4 37. Ra6 Rb8 38. Ra8 Rxa8 39. Nxa8 Ba7
40. b6 Bb8 41. b7 e5 42. Nb6 Be6 43. Bd5 Bh3 44. Nc4 Kf8 45. Na5 Bd7 46. Nc6
Bxc6 47. Bxc6 Ke7 48. e4 f5 49. f3 f4 50. Kg2 Kf6 51. Bb5 Ke7 52. Bc6 1/2-1/2

[Event "Barbera op"]
[Site "Barbera del Valles"]
[Date "2013.07.08"]
[Round "5"]
[White "Grigoryan, KH."]
[Black "Pulvett, D."]
[Result "0-1"]
[WhiteElo "2550"]
[BlackElo "2405"]
[PlyCount "86"]
[EventDate "2013.??.??"]
[EventType "swiss"]
[EventRounds "9"]

1. d4 Nf6 2. c4 g6 3. Nc3 d5 4. Nf3 Bg7 5. h4 c6 6. Bg5 Ne4 7. Bf4 Qa5 8. e3
dxc4 9. Bxc4 Nxc3 10. Qd2 b5 11. Bb3 b4 12. bxc3 bxc3 13. Qc2 Ba6 14. h5 Nd7
15. hxg6 hxg6 16. Rxh8+ Bxh8 17. Ng5 e5 18. Nxf7 exf4 19. O-O-O Rb8 20. Rh1
Qa3+ 21. Kd1 Rxb3 22. Rxh8+ Kxf7 23. Rh7+ Ke8 24. Qxg6+ Kd8 25. Qg8+ Kc7 26.
Qxb3 Qxb3+ 27. axb3 fxe3 28. fxe3 Bd3 29. Rg7 Kd6 30. g4 Nf6 31. g5 Ne4 32.
Rxa7 Nxg5 33. Ra2 Ne4 34. Rh2 Kc7 35. Rh5 Kb6 36. Kc1 Ng3 37. Rc5 Ne4 38. Rh5
Nd2 39. Rh2 Nxb3+ 40. Kd1 Kb5 41. Ra2 Kb4 42. Rh2 Kc4 43. Rg2 Be4 0-1

[Event "Barbera op"]
[Site "Barbera del Valles"]
[Date "2013.07.08"]
[Round "5"]
[White "Hayrapetyan, H."]
[Black "Salazar, AC."]
[Result "1-0"]
[WhiteElo "2486"]
[BlackElo "2200"]
[PlyCount "85"]
[EventDate "2013.??.??"]
[EventType "swiss"]
[EventRounds "9"]

1. d4 Nf6 2. Nf3 g6 3. c4 Bg7 4. Nc3 O-O 5. Bg5 c5 6. d5 b5 7. cxb5 a6 8. b6
Qxb6 9. Qc2 d6 10. e4 e6 11. Bc4 exd5 12. Bxd5 Bb7 13. Bxb7 Qxb7 14. O-O Nc6
15. Rad1 Ne8 16. Nd5 f5 17. exf5 Rxf5 18. Qe4 Rb8 19. Rfe1 Kh8 20. Ne3 Rf7 21.
Nc4 Nd4 22. Qxb7 Rfxb7 23. Nxd4 Bxd4 24. Rxe8+ Rxe8 25. Nxd6 Bxf2+ 26. Kxf2
Rxb2+ 27. Kg3 Re6 28. Nf7+ Kg8 29. Nh6+ Kf8 30. Rd8+ Re8 31. Rd7 Ree2 32. Rd8+
Re8 33. Rd7 Ree2 34. Kh3 Rxa2 35. Ng4 Ra3+ 36. g3 Rf3 37. Nf6 Rxf6 38. Bxf6 h5
39. Kh4 Rxh2+ 40. Kg5 Re2 41. Kxg6 Re3 42. Rd8+ Re8 43. Rxe8+ 1-0

[Event "Barbera op"]
[Site "Barbera del Valles"]
[Date "2013.07.08"]
[Round "5"]
[White "Iagar, RG."]
[Black "Perpinya Rofes, LM."]
[Result "0-1"]
[WhiteElo "2190"]
[BlackElo "2400"]
[PlyCount "64"]
[EventDate "2013.??.??"]
[EventType "swiss"]
[EventRounds "9"]

1. d4 Nf6 2. c4 g6 3. Nc3 Bg7 4. e4 d6 5. Nf3 O-O 6. h3 Na6 7. Bg5 Qe8 8. g4 c6
9. Nd2 Nc7 10. Rc1 a6 11. Be2 b5 12. b3 Nd7 13. Be3 c5 14. Nf3 Bb7 15. Rg1 b4
16. Nd5 Nxd5 17. cxd5 e6 18. dxc5 Nxc5 19. Bxc5 dxc5 20. Rxc5 exd5 21. exd5 Rd8
22. Kf1 Qe7 23. Qc1 Rfe8 24. Rc2 Bxd5 25. Kg2 Bc3 26. Rd1 Qf6 27. Rd3 Bb7 28.
Rxd8 Qxd8 29. a3 a5 30. axb4 axb4 31. Bc4 Qf6 32. Qd1 Re1 0-1

[Event "Barbera op"]
[Site "Barbera del Valles"]
[Date "2013.07.08"]
[Round "5"]
[White "Larsen, K."]
[Black "Perez Mitjans, O."]
[Result "0-1"]
[WhiteElo "2270"]
[BlackElo "2495"]
[PlyCount "92"]
[EventDate "2013.??.??"]
[EventType "swiss"]
[EventRounds "9"]

1. Nf3 g6 2. g3 Bg7 3. Bg2 d6 4. d4 Nf6 5. O-O O-O 6. Re1 Nbd7 7. e4 e5 8. c3
Re8 9. Nbd2 exd4 10. cxd4 Nf8 11. h3 d5 12. e5 N6d7 13. Nf1 Ne6 14. Ne3 c6 15.
Ng4 Qe7 16. Bh6 Bxh6 17. Nxh6+ Kg7 18. Qd2 a5 19. a3 a4 20. Rad1 Nb6 21. Ng4
Nd7 22. Qh6+ Kh8 23. h4 Qf8 24. Qd2 Qg7 25. h5 gxh5 26. Nh6 Nb6 27. Nf5 Qg8 28.
Nh6 Qf8 29. Re2 Nc4 30. Qc1 Bd7 31. Ng5 Nxg5 32. Qxg5 Re6 33. Nf5 f6 34. Qxh5
fxe5 35. dxe5 Rxe5 36. Rxe5 Nxe5 37. Nh6 Ng6 38. Rd3 Qg7 39. Re3 Rf8 40. Re2
Qd4 41. Re3 Qxb2 42. Re2 Qxa3 43. Kh2 Qc3 44. Bh3 Bxh3 45. Qxh3 a3 46. Nf5 Qf6
0-1

[Event "Barbera op"]
[Site "Barbera del Valles"]
[Date "2013.07.08"]
[Round "5"]
[White "Laxman, RR."]
[Black "Asis Gargatagli, H."]
[Result "1/2-1/2"]
[WhiteElo "2401"]
[BlackElo "2487"]
[PlyCount "97"]
[EventDate "2013.??.??"]
[EventType "swiss"]
[EventRounds "9"]

1. d4 Nf6 2. c4 e6 3. Nf3 c5 4. Nc3 cxd4 5. Nxd4 Bb4 6. Qb3 Bc5 7. Be3 b6 8. h3
O-O 9. O-O-O Bb7 10. Bg5 h6 11. Bh4 Be7 12. e3 Na6 13. f3 Nc5 14. Qc2 d5 15.
Kb1 Rc8 16. Be2 Ncd7 17. cxd5 Nxd5 18. Bxe7 Qxe7 19. Nxd5 Bxd5 20. Qd2 Nc5 21.
e4 Bb7 22. Qe3 a6 23. Rd2 Na4 24. Rhd1 Rc7 25. Rc2 Rfc8 26. Rxc7 Rxc7 27. Qd2
Nc5 28. Qb4 b5 29. Nb3 g5 30. Nxc5 Rxc5 31. Qd4 Rc7 32. a3 Bc6 33. Qb6 Bb7 34.
Rd6 Kg7 35. Bd3 e5 36. Bc2 Rd7 37. Rxd7 Qxd7 38. Bb3 Qe7 39. a4 Bc8 40. Bd5 Qf6
41. Qc7 Be6 42. Qc3 h5 43. Kc2 h4 44. Bxe6 Qxe6 45. Qe3 f6 46. Qc5 Kg6 47. Kc3
Qa2 48. Qc8 Qb1 49. Qg8+ 1/2-1/2

[Event "Barbera op"]
[Site "Barbera del Valles"]
[Date "2013.07.08"]
[Round "5"]
[White "Lorenzo de la Riva, L."]
[Black "Bijlsma, N."]
[Result "1/2-1/2"]
[WhiteElo "2433"]
[BlackElo "2166"]
[PlyCount "121"]
[EventDate "2013.??.??"]
[EventType "swiss"]
[EventRounds "9"]

1. Nf3 Nf6 2. g3 g6 3. Bg2 Bg7 4. O-O d5 5. d4 O-O 6. c4 dxc4 7. Na3 c3 8. bxc3
c5 9. Nc4 Nc6 10. Ba3 Nd5 11. Rc1 Nb6 12. Nce5 cxd4 13. Nxc6 bxc6 14. Nxd4 Bd7
15. Nxc6 Bxc6 16. Bxc6 Rc8 17. Bf3 Nc4 18. Qa4 Qc7 19. Rc2 Rfd8 20. Bc1 Qc5 21.
Kg2 h5 22. Qb4 Qxb4 23. cxb4 Ne3+ 24. Bxe3 Rxc2 25. a4 Bd4 26. Bf4 Ra2 27. a5
Ra1 28. Rxa1 Bxa1 29. b5 e5 30. Bg5 Rd4 31. Bc6 Rc4 32. Bd8 Bd4 33. e3 Bc5 34.
Bc7 e4 35. a6 Ra4 36. Be5 Bb6 37. h3 f5 38. g4 hxg4 39. hxg4 Kf7 40. Bd5+ Ke7
41. g5 Bc5 42. Bf6+ Kf8 43. Be5 Ke7 44. Bf6+ Kf8 45. Bc6 Ra2 46. Kf1 Bb6 47.
Bc3 Bc5 48. Be5 Ke7 49. Bd5 Ra5 50. Bc6 Ra2 51. Bf6+ Kf8 52. Bd8 Rd2 53. Bc7
Ra2 54. Ke1 Ke7 55. Be5 Kf8 56. Bc3 Rc2 57. Bf6 Bb6 58. Be5 Ke7 59. Bf6+ Kf8
60. Be5 Ke7 61. Bf6+ 1/2-1/2

[Event "Barbera op"]
[Site "Barbera del Valles"]
[Date "2013.07.08"]
[Round "5"]
[White "Martinez Ramirez, E."]
[Black "Fluvia Poyatos, Jordi"]
[Result "1/2-1/2"]
[WhiteElo "2306"]
[BlackElo "2445"]
[PlyCount "87"]
[EventDate "2013.??.??"]
[EventType "swiss"]
[EventRounds "9"]

1. e4 d6 2. d4 Nf6 3. Nc3 g6 4. f4 Bg7 5. Nf3 O-O 6. e5 Nfd7 7. h4 c5 8. h5
cxd4 9. hxg6 dxc3 10. gxf7+ Rxf7 11. Bc4 e6 12. Ng5 Nxe5 13. Qh5 h6 14. fxe5
hxg5 15. Qh7+ Kf8 16. Qh8+ Bxh8 17. Rxh8+ Kg7 18. Rxd8 Nc6 19. Rxd6 Nxe5 20.
Be2 Rc7 21. bxc3 Nf7 22. Rd3 e5 23. Bh5 Bf5 24. Rg3 Rh8 25. Bxf7 Rh1+ 26. Ke2
Kxf7 27. Rxg5 Ke6 28. Bb2 Rxa1 29. Bxa1 Rc5 30. Bb2 Rb5 31. Bc1 Rb1 32. Be3 Rb2
33. Bxa7 Rxc2+ 34. Ke1 Rxc3 35. Bb8 Rc5 36. g4 Be4 37. Kd2 Kf6 38. Rg8 Bg6 39.
Rd8 Kg5 40. Rd6 Bb1 41. Rb6 Be4 42. Re6 Kf4 43. Rxe5 Rxe5 44. Kc3 1/2-1/2

[Event "Barbera op"]
[Site "Barbera del Valles"]
[Date "2013.07.08"]
[Round "5"]
[White "Narciso Dublan, M."]
[Black "Cruz Sanchez, C."]
[Result "0-1"]
[WhiteElo "2536"]
[BlackElo "2499"]
[PlyCount "120"]
[EventDate "2013.??.??"]
[EventType "swiss"]
[EventRounds "9"]

1. d4 d5 2. c4 e6 3. Nc3 Be7 4. Nf3 Nf6 5. Bg5 h6 6. Bh4 O-O 7. e3 b6 8. Bd3
Bb7 9. O-O Nbd7 10. Qe2 Ne4 11. Bg3 Bd6 12. cxd5 Nxg3 13. hxg3 exd5 14. Ba6 Qc8
15. Bxb7 Qxb7 16. Rac1 Rfe8 17. Nb5 Rac8 18. Rc2 Bf8 19. Rfc1 c5 20. dxc5 bxc5
21. Qf1 c4 22. Nc3 Nc5 23. Rd1 Red8 24. Ne1 Rd7 25. Rcd2 Rcd8 26. Qe2 Ne6 27.
Nf3 Bb4 28. Ne5 Rd6 29. Qh5 Ng5 30. Qe2 Bxc3 31. bxc3 Qe7 32. Nf3 Ne4 33. Rc2
Rb8 34. Nd4 Qe5 35. Qg4 g6 36. Qf4 Qxf4 37. gxf4 Rdb6 38. Nf3 Rb1 39. Rxb1
Rxb1+ 40. Kh2 Rf1 41. Rb2 Nxf2 42. Rb8+ Kg7 43. Ne5 Rh1+ 44. Kg3 Ne4+ 45. Kf3
Rf1+ 46. Ke2 Rf2+ 47. Ke1 Rxa2 48. Rb7 Ra1+ 49. Ke2 Nxc3+ 50. Kf3 Rf1+ 51. Kg3
Ne4+ 52. Kh2 Nd6 53. Rxa7 c3 54. Ra2 Re1 55. Nd3 Rxe3 56. Nb4 d4 57. Ra6 Nf5
58. g4 Nh4 59. Rd6 Nf3+ 60. Kg2 Ne1+ 0-1

[Event "Barbera op"]
[Site "Barbera del Valles"]
[Date "2013.07.08"]
[Round "5"]
[White "Ortiz Suarez, IR."]
[Black "Saptarshi, R."]
[Result "1/2-1/2"]
[WhiteElo "2612"]
[BlackElo "2447"]
[PlyCount "69"]
[EventDate "2013.??.??"]
[EventType "swiss"]
[EventRounds "9"]

1. e4 e5 2. Nf3 Nc6 3. Bb5 a6 4. Ba4 Nge7 5. c3 g6 6. d4 exd4 7. cxd4 b5 8. Bb3
Bg7 9. d5 Na5 10. Bd2 Nxb3 11. Qxb3 O-O 12. Bc3 d6 13. O-O Bd7 14. Nbd2 c5 15.
dxc6 Nxc6 16. Bxg7 Kxg7 17. Qd5 Qf6 18. Nb3 Rfd8 19. Nbd4 Rac8 20. Rfd1 Ne5 21.
Ne1 Nc4 22. b3 Rc5 23. Qb7 Bc8 24. Qa7 Rd7 25. Qb8 Nb2 26. Rd2 Rdc7 27. Qb6 Rc1
28. Rxc1 Rxc1 29. Kf1 Nd1 30. Ne2 Rb1 31. Rxd6 Ne3+ 32. Qxe3 Qxd6 33. Qc3+ f6
34. Qxc8 Qd2 35. Qc7+ 1/2-1/2

[Event "Barbera op"]
[Site "Barbera del Valles"]
[Date "2013.07.08"]
[Round "5"]
[White "Prasca Sosa, R."]
[Black "Cabrera, A."]
[Result "0-1"]
[WhiteElo "2426"]
[BlackElo "2525"]
[PlyCount "96"]
[EventDate "2013.??.??"]
[EventType "swiss"]
[EventRounds "9"]

1. e4 c5 2. Nf3 Nc6 3. d4 cxd4 4. Nxd4 g6 5. Nc3 Bg7 6. Be3 Nf6 7. Bc4 O-O 8.
Bb3 d6 9. h3 Na5 10. O-O b6 11. Re1 Nxb3 12. axb3 h6 13. Nd5 Bb7 14. Nxf6+ exf6
15. Bf4 Re8 16. Nb5 Rxe4 17. Rxe4 Bxe4 18. Nxd6 Bc6 19. Qe2 Qd7 20. Rd1 f5 21.
Nc4 Qe8 22. Qd2 g5 23. Re1 Qd8 24. Bd6 Rc8 25. c3 b5 26. Ne3 Qd7 27. c4 Re8 28.
c5 f4 29. Nc2 f3 30. Nb4 Bb7 31. Rxe8+ Qxe8 32. gxf3 Bxf3 33. Qe3 Qxe3 34. fxe3
a5 35. Nd3 Be4 36. Ne5 f6 37. Nd7 Kf7 38. Bc7 Ke6 39. Nb8 a4 40. bxa4 bxa4 41.
c6 f5 42. Bb6 Bxb2 43. c7 Bb7 44. Nc6 Kd7 45. Nb4 Be5 46. Nd3 Kc6 47. Ba5 Bxc7
48. Bc3 Bb6 0-1

[Event "Barbera op"]
[Site "Barbera del Valles"]
[Date "2013.07.08"]
[Round "5"]
[White "Raghavi, N."]
[Black "Sequera Paolini, J."]
[Result "0-1"]
[WhiteElo "2097"]
[BlackElo "2394"]
[PlyCount "76"]
[EventDate "2013.??.??"]
[EventType "swiss"]
[EventRounds "9"]

1. e4 c5 2. Nf3 e6 3. g3 Nc6 4. Bg2 d5 5. exd5 exd5 6. d4 Bg4 7. O-O Nxd4 8.
Qe1+ Be7 9. Nxd4 cxd4 10. Qe5 Nf6 11. Qxd4 O-O 12. Nc3 Be6 13. Be3 Qa5 14. Rfd1
Rfd8 15. Qd3 Rac8 16. Ne2 Bg4 17. f3 Bh5 18. Nf4 d4 19. Bf2 Bg6 20. Nxg6 hxg6
21. Qb3 Bc5 22. Bh3 Rc7 23. Bf1 Rd6 24. Qb5 Qxb5 25. Bxb5 Rb6 26. Ba4 Rxb2 27.
Bxd4 Rb4 28. Bxc5 Rxa4 29. Rd8+ Kh7 30. Bd4 Rxc2 31. Bxf6 gxf6 32. Rd7 b5 33.
Rxf7+ Kh6 34. Rxf6 b4 35. Rf4 a5 36. a3 Rxa3 37. Rd1 b3 38. h4 b2 0-1

[Event "Barbera op"]
[Site "Barbera del Valles"]
[Date "2013.07.08"]
[Round "5"]
[White "Rios, CC."]
[Black "Satyapragyan, S."]
[Result "1/2-1/2"]
[WhiteElo "2360"]
[BlackElo "2464"]
[PlyCount "73"]
[EventDate "2013.??.??"]
[EventType "swiss"]
[EventRounds "9"]

1. d4 Nf6 2. c4 e6 3. Nf3 c5 4. d5 exd5 5. cxd5 d6 6. Nc3 g6 7. Bf4 a6 8. Nd2
b5 9. a4 b4 10. Nce4 Nxd5 11. Bxd6 Ne3 12. fxe3 Bxd6 13. Nc4 Be7 14. Ncd6+ Bxd6
15. Nxd6+ Ke7 16. Nxc8+ Qxc8 17. Qd5 Nd7 18. g3 Qc7 19. Qg5+ f6 20. Qh6 Ne5 21.
Bg2 Nf7 22. Qh4 Rad8 23. Rc1 Qe5 24. O-O Rd6 25. Rc4 Kf8 26. Qe4 Qxe4 27. Bxe4
Kg7 28. Rxc5 Re8 29. Bd3 Ne5 30. Rc7+ Kh6 31. Rf4 Nxd3 32. Rh4+ Kg5 33. exd3
Rxd3 34. Rcxh7 Rdxe3 35. Rxb4 Re1+ 36. Kg2 R8e2+ 37. Kf3 1/2-1/2

[Event "Barbera op"]
[Site "Barbera del Valles"]
[Date "2013.07.08"]
[Round "5"]
[White "Rishi, S."]
[Black "Castells Briones, M."]
[Result "1-0"]
[WhiteElo "2316"]
[BlackElo "1959"]
[PlyCount "43"]
[EventDate "2013.??.??"]
[EventType "swiss"]
[EventRounds "9"]

1. e4 c5 2. Nf3 e6 3. d4 cxd4 4. Nxd4 Nf6 5. Nc3 Nc6 6. a3 a6 7. Bc4 Qc7 8. Ba2
Be7 9. Be3 b6 10. f4 d6 11. Qf3 Nxd4 12. Bxd4 e5 13. fxe5 dxe5 14. Qg3 Ng4 15.
O-O f6 16. Nd5 Qxc2 17. Rac1 Qxe4 18. Bxb6 Bd6 19. Qb3 Rf8 20. Rc4 Qg6 21.
Rxc8+ Rxc8 22. Qa4+ 1-0